Serie A players 2021/22 - Statistics

General Stats
  • This quiz has been taken 13 times
  • The average score is 180 of 608
Answer Stats
Rank Player Positions Nationality Matches Goals Assists Clubs % Correct
24 Edin Džeko FW 36 13 6
100%
48 Lautaro Martínez MF, FW 35 21 3
100%
50 Marcelo Brozović MF 35 2 1
100%
33 Nicolò Barella MF 36 3 11
100%
14 Samir Handanović GK 37 0 0
100%
86 Denzel Dumfries DF 33 5 4
89%
155 Francesco Acerbi DF 30 4 0
89%
70 Hakan Çalhanoğlu MF, FW 34 7 12
89%
114 Ivan Ilić MF 32 1 3
89%
47 Ivan Perišić DF, MF, FW 35 8 6
89%
12 Mario Pašalić MF, FW 37 13 6
89%
7 Rui Patrício GK 38 0 0
89%
15 Sergej Milinković-Savić MF 37 11 10
89%
16 Tammy Abraham FW 37 17 4
89%
217 Vanja Milinković-Savić GK 27 0 0
89%
125 Alessandro Bastoni DF 31 1 2
78%
553 Alessandro Berardi GK 1 0 0
78%
185 Alex Sandro DF, MF 28 0 1
78%
8 Andrea Consigli GK 37 0 0
78%
19 Andrea Pinamonti FW 36 13 2
78%
167 Antonín Barák MF, FW 29 11 4
78%
129 Ciro Immobile FW 31 27 2
78%
87 Domenico Berardi MF, FW 33 15 14
78%
23 Dušan Vlahović FW 36 24 3
78%
10 Elif Elmas MF, FW 37 3 4
78%
88 Fabio Quagliarella FW 33 4 2
78%
2 Felipe Anderson MF, FW 38 6 8
78%
26 Giacomo Raspadori MF, FW 36 10 4
78%
11 João Pedro MF, FW 37 13 4
78%
94 Juan Cuadrado DF, MF, FW 33 4 3
78%
95 Juan Musso GK 33 0 0
78%
117 Lorenzo Insigne MF, FW 32 11 8
78%
31 Łukasz Skorupski GK 36 0 0
78%
74 Mário Rui DF, MF 34 0 5
78%
53 Milan Škriniar DF, MF 35 3 0
78%
177 Olivier Giroud FW 29 11 3
78%
255 Patric DF 24 1 1
78%
78 Rafael Leão MF, FW 34 11 10
78%
180 Riccardo Orsolini MF, FW 29 6 3
78%
37 Sandro Tonali MF 36 5 2
78%
150 Simone Bastoni DF, MF 31 3 3
78%
124 Theo Hernández DF 32 5 5
78%
218 Victor Osimhen FW 27 14 2
78%
18 Alexis Saelemaekers DF, MF, FW 36 1 3
67%
204 Alexis Sánchez MF, FW 27 5 2
67%
41 Álvaro Morata FW 35 9 4
67%
84 Amir Rrahmani DF 33 4 0
67%
186 Arturo Vidal MF 28 1 1
67%
9 Cristiano Biraghi DF, MF 37 4 1
67%
406 Daniele Rugani DF 12 0 0
67%
221 Davide Calabria DF 26 2 2
67%
110 Davide Faraoni DF, MF 32 4 5
67%
154 Dries Mertens MF, FW 30 11 1
67%
248 Duván Zapata FW 24 10 4
67%
113 Federico Dimarco DF, MF 32 2 3
67%
132 Franck Kessié DF, MF 31 6 0
67%
28 Gianluca Scamacca FW 36 16 0
67%
91 Giovanni Di Lorenzo DF, FW 33 1 4
67%
92 Gleison Bremer DF 33 3 1
67%
5 Guglielmo Vicario GK 38 0 0
67%
135 Henrikh Mkhitaryan MF, FW 31 5 6
67%
156 Hirving Lozano MF, FW 30 5 5
67%
136 Ismaël Bennacer MF 31 2 1
67%
225 Joaquín Correa MF, FW 26 6 1
67%
209 Kalidou Koulibaly DF 27 3 1
67%
139 Lorenzo De Silvestri DF, MF 31 3 2
67%
196 Lorenzo Pellegrini MF 28 9 3
67%
339 Luca Pellegrini DF, MF 18 0 1
67%
460 Luka Romero MF, FW 8 0 0
67%
51 Marco Silvestri GK 35 0 0
67%
97 Marko Arnautović MF, FW 33 14 1
67%
160 Marten de Roon DF, MF 30 3 0
67%
240 Matteo Darmian DF, MF 25 2 1
67%
144 Matthijs de Ligt DF 31 3 1
67%
119 Mike Maignan GK 32 0 1
67%
120 Moise Kean FW 32 5 2
67%
55 Nahuel Molina DF 35 7 2
67%
375 Pablo Marí DF 15 2 0
67%
122 Pedro MF, FW 32 9 4
67%
377 Pietro Pellegri FW 15 1 0
67%
58 Piotr Zieliński MF 35 6 5
67%
79 Ricardo Rodríguez DF, MF 34 0 1
67%
367 Sergio Romero GK 16 0 0
67%
164 Stefan de Vrij DF 30 0 0
67%
81 Adam Marušić DF 33 1 0
56%
317 Alessio Romagnoli DF 19 1 0
56%
261 Alex Ferrari DF 23 1 0
56%
464 Alex Meret GK 7 0 0
56%
382 Arthur Cabral FW 14 2 2
56%
187 Beto FW 28 11 0
56%
128 Brahim Díaz MF, FW 31 3 3
56%
64 Bryan Cristante DF, MF 34 2 0
56%
278 Danilo DF, MF 22 1 2
56%
65 Darko Lazović DF, MF, FW 34 1 7
56%
21 Davide Frattesi MF 36 4 3
56%
235 Fabiano Parisi DF 25 0 1
56%
485 Fabio Miretti MF, FW 6 0 0
56%
386 Federico Chiesa DF, MF, FW 14 2 2
56%
361 Federico Fazio DF 16 1 0
56%
131 Fikayo Tomori DF 31 0 0
56%
3 Francesco Caputo FW 38 11 4
56%
237 Gabriele Zappa DF 25 0 0
56%
45 Gianluca Caprari MF, FW 35 12 7
56%
90 Gianluca Mancini DF, MF 33 0 0
56%
27 Gian Marco Ferrari DF 36 1 0
56%
288 Giorgio Chiellini DF 21 0 0
56%
335 Giorgio Scalvini DF, MF 18 1 0
56%
29 Giovanni Simeone FW 36 17 5
56%
134 Hamed Junior Traorè MF, FW 31 7 2
56%
224 Joakim Mæhle DF, MF 26 1 1
56%
30 Jordan Veretout MF 36 4 8
56%
307 Josip Iličić MF, FW 20 3 3
56%
226 Junior Messias DF, MF, FW 26 5 2
56%
267 Kristjan Asllani MF 23 1 1
56%
251 Leonardo Bonucci DF 24 5 0
56%
526 Leonardo Spinazzola DF, MF 3 0 0
56%
6 Liam Henderson MF 38 2 3
56%
73 Luis Alberto MF, FW 34 5 9
56%
211 Luis Muriel MF, FW 27 9 8
56%
143 Manuel Locatelli MF 31 3 3
56%
352 Matías Vecino MF, FW 17 1 0
56%
98 Matteo Politano MF, FW 33 3 4
56%
309 Mattia De Sciglio DF, MF 20 1 2
56%
497 Mattia Perin GK 5 0 0
56%
146 Mattia Zaccagni MF, FW 31 6 5
56%
197 Merih Demiral DF 28 1 2
56%
100 Nicolás González MF, FW 33 7 6
56%
597 Patrick Leal FW 1 0 0
56%
178 Paulo Dybala MF, FW 29 10 5
56%
376 Pepe Reina GK 15 0 1
56%
201 Pierre Kalulu DF 28 1 2
56%
313 Rafael Tolói DF 20 1 1
56%
149 Raoul Bellanova DF, FW 31 1 2
56%
35 Răzvan Marin MF 36 0 5
56%
179 Remo Freuler MF 29 1 3
56%
403 Robin Gosens DF, MF, FW 13 1 1
56%
80 Roger Ibanez DF 34 3 0
56%
163 Ruslan Malinovskyi MF, FW 30 6 5
56%
327 Simone Romagnoli DF 19 2 0
56%
106 Wojciech Szczęsny GK 33 0 0
56%
275 Zlatan Ibrahimović FW 23 8 2
56%
17 Aaron Hickey DF 36 5 1
44%
107 Adrien Rabiot MF 32 0 2
44%
243 Alessandro Florenzi DF, FW 24 2 0
44%
40 Alessio Cragno GK 35 0 0
44%
233 Andre-Frank Zambo Anguissa MF 25 0 1
44%
206 Chris Smalling DF 27 3 0
44%
522 Cristian Volpato MF, FW 3 1 0
44%
301 Danilo D'Ambrosio DF 20 1 1
44%
66 Davide Zappacosta DF, MF 34 1 5
44%
130 David Ospina GK 31 0 0
44%
303 Dejan Kulusevski MF, FW 20 1 3
44%
169 Elseid Hysaj DF 29 1 0
44%
25 Emmanuel Gyasi DF, MF, FW 36 6 0
44%
171 Ethan Ampadu DF, MF 29 0 3
44%
192 Federico Bernardeschi DF, MF, FW 28 1 3
44%
572 Filippo Terracciano DF, MF 1 0 0
44%
89 Gary Medel DF, MF 33 0 1
44%
69 Gerard Deulofeu MF, FW 34 13 5
44%
133 Giacomo Bonaventura MF, FW 31 4 4
44%
173 Gianluca Busio MF 29 1 1
44%
174 Giorgos Kyriakopoulos DF, FW 29 0 5
44%
46 Giulio Maggiore MF 35 2 3
44%
305 Goran Pandev MF, FW 20 0 1
44%
157 Igor DF 30 0 0
44%
137 Ivan Provedel GK 31 0 0
44%
280 Jakub Kiwior DF, MF 22 0 0
44%
208 Jeremie Boga MF, FW 27 0 2
44%
306 Jeremy Toljan DF, MF 20 0 1
44%
525 Jovane Cabral MF, FW 3 1 0
44%
292 Juan Jesus DF 21 1 0
44%
159 Koray Günter DF 30 0 0
44%
513 Kostas Manolas DF 4 0 0
44%
388 Krzysztof Piątek FW 14 3 0
44%
282 Lazar Samardzic MF, FW 22 2 2
44%
96 Leonardo Pavoletti FW 33 5 1
44%
210 Luca Ranieri DF 27 1 0
44%
308 Lucas Martínez Quarta DF 20 1 0
44%
140 Lucas Torreira MF 31 5 1
44%
141 Luiz Felipe DF 31 0 0
44%
142 Manuel Lazzari DF 31 3 3
44%
495 Marco Sportiello GK 5 0 0
44%
462 Matteo Gabbia DF 8 0 0
44%
212 Matteo Pessina MF, FW 27 1 1
44%
392 Matteo Ruggeri DF, MF 14 0 0
44%
310 Mattia Viti DF 20 0 0
44%
54 Morten Thorsby MF 35 3 1
44%
294 Nahitan Nández DF, MF 21 0 2
44%
56 Nedim Bajrami MF, FW 35 6 5
44%
295 Nicolò Rovella MF 21 0 3
44%
199 Nicolò Zaniolo MF, FW 28 2 1
44%
200 Patrick Cutrone FW 28 3 0
44%
102 Petar Stojanović DF 33 1 1
44%
123 Pietro Terracciano GK 32 0 0
44%
36 Rick Karsdorp DF, FW 36 0 2
44%
344 Roberto Gagliardini DF, MF 18 2 2
44%
358 Roberto Piccoli FW 17 1 0
44%
60 Rodrigo Becão DF 35 2 1
44%
297 Rolando Mandragora MF 21 0 2
44%
272 Stanislav Lobotka MF 23 1 0
44%
216 Stephan El Shaarawy DF, MF, FW 27 3 0
44%
62 Szymon Żurkowski MF 35 6 2
44%
182 Toma Bašić MF 29 0 2
44%
1 Adrien Tameze DF, MF 38 4 2
33%
404 Albert Guðmundsson MF, FW 12 1 0
33%
151 Alberto Grassi DF, MF 30 0 1
33%
82 Alessandro Deiola MF 33 4 1
33%
277 Andrea Belotti FW 22 8 1
33%
244 Andrea Petagna FW 24 3 1
33%
331 Andreas Skov Olsen DF, MF, FW 18 0 2
33%
245 Ante Rebić MF, FW 24 2 2
33%
20 Antonio Candreva DF, MF, FW 36 7 10
33%
299 Ardian Ismajli DF 20 0 0
33%
234 Arkadiusz Reca DF 25 0 2
33%
559 Ben Lhassine Kone MF 1 0 0
33%
127 Berat Djimsiti DF 31 1 1
33%
153 Caleb Ekuban MF, FW 30 1 2
33%
562 Carlo Pinsoglio GK 1 0 0
33%
189 Charalambos Lykogiannis DF, FW 28 1 0
33%
479 Ciprian Tătărușanu GK 6 0 0
33%
523 Daniele Padelli GK 3 0 0
33%
108 Danilo Cataldi MF 32 1 2
33%
417 Diego Godín DF 11 0 1
33%
371 Éderson MF 15 2 1
33%
420 Edoardo Bove DF, MF 11 1 0
33%
191 Eldor Shomurodov MF, FW 28 3 4
33%
170 Emil Audero GK 29 0 0
33%
112 Federico Bonazzoli MF, FW 32 10 0
33%
409 Felipe Caicedo MF, FW 12 1 2
33%
347 Felix Afena-Gyan MF, FW 17 2 0
33%
412 Francesco Magnanelli MF 12 0 0
33%
263 Franck Ribéry MF, FW 23 0 2
33%
334 Giangiacomo Magnani DF 18 0 0
33%
289 Giuseppe Pezzella DF, MF, FW 21 0 2
33%
4 Grégoire Defrel MF, FW 38 2 2
33%
290 Hans Hateboer DF, MF 21 0 0
33%
581 Ionuț Radu GK 1 0 0
33%
423 Jens Stryger Larsen DF 11 0 1
33%
348 Jerdy Schouten DF, MF 17 1 1
33%
291 Joel Obi DF, MF 21 0 1
33%
194 Johan Vásquez DF 28 1 0
33%
349 Jonathan Ikone FW 17 1 1
33%
195 Kevin Lasagna MF, FW 28 2 4
33%
238 Koffi Djidji DF 25 0 0
33%
138 Lassana Coulibaly MF 31 0 0
33%
72 Lorenzo Montipò GK 34 0 0
33%
49 Lucas Leiva MF 35 0 0
33%
363 Luigi Sepe GK 16 0 0
33%
413 Mamadou Coulibaly MF 12 2 0
33%
351 Marash Kumbulla DF 17 0 0
33%
52 Maxime Lopez MF 35 2 1
33%
229 Maya Yoshida DF 26 2 3
33%
293 M'Bala Nzola FW 21 2 1
33%
147 Mert Müldür DF 31 0 0
33%
415 Michel Aebischer MF, FW 12 0 0
33%
76 Musa Barrow MF, FW 34 6 6
33%
176 Nadir Zortea DF, MF 29 1 2
33%
593 Nicola Ravaglia GK 1 0 0
33%
77 Nikola Milenković DF 34 1 0
33%
148 Norbert Gyömbér DF, MF 31 0 0
33%
202 Rade Krunić MF, FW 28 0 1
33%
181 Riccardo Saponara MF, FW 29 3 3
33%
256 Riccardo Sottil DF, MF, FW 24 3 2
33%
257 Roberto Pereyra DF, MF, FW 24 3 5
33%
325 Rodrigo Bentancur MF 19 0 1
33%
13 Salvatore Sirigu GK 37 0 0
33%
474 Sebastian Walukiewicz DF 7 0 0
33%
396 Sérgio Oliveira MF 14 2 0
33%
427 Simon Kjær DF 11 0 0
33%
271 Sofyan Amrabat DF, MF 23 1 0
33%
443 Ștefan Radu DF 10 0 0
33%
603 Takehiro Tomiyasu DF 1 0 0
33%
315 Tanner Tessmann MF 20 0 0
33%
104 Thomas Henry FW 33 9 2
33%
273 Thomas Strakosha GK 23 0 0
33%
604 Tommaso Baldanzi MF, FW 1 0 0
33%
105 Tommaso Pobega MF 33 4 2
33%
183 Vlad Chiricheș DF 29 0 0
33%
39 Walace MF 36 1 0
33%
298 Weston McKennie DF, MF, FW 21 3 0
33%
518 Aaron Ramsey MF 3 0 0
22%
453 Abdoulaye Touré MF 8 0 0
22%
219 Albin Ekdal MF 26 1 0
22%
519 Aleksandar Kolarov DF 3 0 0
22%
316 Aleksei Miranchuk MF, FW 19 2 5
22%
260 Alessandro Buongiorno DF 23 0 1
22%
83 Alfred Duncan MF 33 2 2
22%
232 Álvaro Odriozola DF 25 1 2
22%
505 Amadou Diawara MF 4 0 0
22%
152 Andrea Carboni DF 30 0 0
22%
455 Andrea Conti DF, MF 8 1 0
22%
478 Andrea Ranocchia DF 6 0 0
22%
126 Arthur Theate DF 31 2 1
22%
558 Axel Tuanzebe DF 1 0 0
22%
42 Bartosz Bereszyński DF 35 0 3
22%
492 Borja Mayoral FW 5 0 0
22%
205 Bram Nuytinck DF 27 1 0
22%
561 Bryan Reynolds DF 1 0 0
22%
318 Carles Pérez MF, FW 19 1 1
22%
563 Cristiano Ronaldo MF, FW 1 0 0
22%
190 Dalbert Henrique DF, MF 28 0 2
22%
370 Daniele Baselli MF 15 0 1
22%
457 Daniel Maldini MF, FW 8 1 0
22%
109 David Okereke MF, FW 32 7 0
22%
448 Denis Zakaria DF, MF 9 1 1
22%
262 Dennis Praet MF, FW 23 2 2
22%
43 Destiny Udogie DF 35 5 3
22%
509 Diego Coppola DF 4 0 0
22%
320 Diego Demme DF, MF 19 1 0
22%
418 Diego Perotti MF, FW 11 0 0
22%
67 Domen Črnigoj MF 34 3 1
22%
304 Domenico Criscito DF, MF 20 6 1
22%
419 Ebrima Colley MF, FW 11 0 0
22%
570 Ebrima Darboe MF 1 0 0
22%
111 Fabián Ruiz Peña MF 32 7 4
22%
385 Faouzi Ghoulam DF 14 0 0
22%
68 Federico Ceccherini DF 34 1 0
22%
575 Francesco Rossi GK 1 0 0
22%
264 Gaetano Castrovilli MF 23 1 1
22%
172 Gastón Pereiro MF, FW 29 4 2
22%
207 Grigoris Kastanos DF, MF, FW 27 1 1
22%
387 Ivan Radovanović DF, MF 14 1 1
22%
338 Janis Antiste FW 18 1 0
22%
158 José Callejón MF, FW 30 1 2
22%
71 José Luis Palomino DF 34 1 0
22%
115 Josip Brekalo MF, FW 32 7 2
22%
265 Kaan Ayhan DF, MF 23 1 0
22%
350 Kelvin Yeboah MF, FW 17 0 1
22%
266 Kevin Agudelo MF, FW 23 3 1
22%
459 Leonardo Mancuso FW 8 1 0
22%
372 Leo Skiri Østigård DF 15 0 0
22%
269 Lorenzo Venuti DF, MF 23 0 0
22%
461 Marko Rog MF, FW 8 0 1
22%
390 Martín Cáceres DF 14 1 1
22%
161 Martin Erlic DF 30 2 0
22%
342 Martin Hongla MF 18 1 0
22%
516 Martin Satriano MF, FW 4 0 0
22%
239 Matheus Henrique MF 25 0 1
22%
541 Matìas Soulé MF, FW 2 0 0
22%
228 Matías Viña DF, FW 26 0 1
22%
118 Mattia Aramu MF, FW 32 7 5
22%
353 Mattia Bani DF 17 0 0
22%
213 Mattia Destro MF, FW 27 9 1
22%
32 Mattias Svanberg MF, FW 36 3 3
22%
343 Michael Svoboda DF 18 0 0
22%
75 Milan Badelj MF 34 1 0
22%
99 Milan Đurić FW 33 5 4
22%
311 Nehuén Pérez DF 20 0 1
22%
198 Nicolás Domínguez MF, FW 28 0 3
22%
366 Nicolas Haas MF 16 0 2
22%
491 Nicolas Viola MF, FW 6 0 0
22%
365 Nicola Zalewski DF, FW 16 0 0
22%
34 Nicolò Casale DF 36 0 1
22%
393 Nikola Kalinić FW 14 4 1
22%
296 Ola Aina DF 21 0 0
22%
121 Omar Colley DF 32 0 0
22%
101 Pasquale Mazzocchi DF 33 0 2
22%
355 Paweł Dawidowicz DF 17 0 0
22%
402 Paweł Jaroszyński DF 13 0 0
22%
57 Pietro Ceccaroni DF 35 2 1
22%
543 Ramzi Aya DF 2 0 0
22%
162 Rey Manaj FW 30 5 0
22%
452 Riccardo Calafiori DF 9 0 1
22%
241 Ridgeciano Haps DF, MF, FW 25 1 1
22%
270 Rogério DF, MF 23 0 1
22%
103 Samuele Ricci MF 33 1 1
22%
258 Sebastiano Luperto DF 24 0 1
22%
326 Simeon Nwankwo FW 19 1 1
22%
602 Simone Pafundi MF, FW 1 0 0
22%
345 Simone Verdi MF, FW 18 6 0
22%
314 Stefano Sensi MF, FW 20 1 0
22%
165 Teun Koopmeiners DF, MF 30 4 1
22%
397 Tiemoué Bakayoko MF 14 0 0
22%
166 Tolgay Arslan MF 30 1 0
22%
259 Tomás Rincón MF 24 0 0
22%
38 Tommaso Augello DF 36 1 1
22%
328 Tyronne Ebuehi DF 19 0 0
22%
329 Valerio Verre MF, FW 19 0 1
22%
231 Viktor Kovalenko MF 26 1 3
22%
63 Wilfried Singo DF 35 3 4
22%
378 Yayah Kallon MF, FW 15 0 1
22%
203 Youssef Maleh MF 28 2 2
22%
379 Abdelhamid Sabiri MF, FW 14 3 2
11%
184 Adama Soumaoro DF 28 0 0
11%
369 Adam Ounas MF, FW 15 0 0
11%
346 Adrien Silva MF 17 0 1
11%
454 Ainsley Maitland-Niles DF, MF 8 0 0
11%
504 Aleksander Buksa FW 4 0 0
11%
380 Aleksa Terzić DF 14 0 1
11%
405 Alessandro Zanoli DF 12 0 0
11%
220 Andrea Cambiaso DF, FW 26 1 4
11%
168 Antonio Sanabria MF, FW 29 6 1
11%
287 Antonio Vacca MF 21 0 0
11%
300 Arthur Melo MF 20 0 0
11%
466 Bartłomiej Drągowski GK 7 0 0
11%
521 Boris Radunović GK 3 0 0
11%
383 Cedric Gondo FW 14 1 0
11%
319 Cristian Ansaldi DF, MF, FW 19 0 3
11%
222 Dennis Johnsen MF, FW 26 1 2
11%
468 Denso Kasius DF, FW 7 0 0
11%
22 Dimitris Nikolaou DF 36 0 0
11%
407 Eddie Salcedo MF, FW 12 0 0
11%
421 Emil Bohinen MF 11 0 1
11%
484 Erick Pulgar DF, MF 6 0 1
11%
432 Etrit Berisha GK 10 0 0
11%
250 Fabio Depaoli DF, MF 24 1 1
11%
410 Filip Đuričić MF, FW 12 2 1
11%
44 Filippo Bandinelli MF 35 2 3
11%
493 Filippo Delli Carri DF 5 0 0
11%
470 Flavio Junior Bianchi MF, FW 7 1 0
11%
433 Fodé Ballo-Touré DF, MF 10 0 0
11%
532 Francesco Bardi GK 2 0 0
11%
333 Francesco Di Tacchio MF 18 0 0
11%
411 Francesco Forte FW 12 1 0
11%
533 Gianluca Frabotta DF, MF 2 0 0
11%
577 Gianluca Pegolo GK 1 0 0
11%
321 Giorgio Altare DF 19 1 0
11%
535 Giorgio Cittadini DF 2 0 0
11%
336 Hernani MF, FW 18 0 0
11%
486 Ibrahima Mbaye DF, MF 6 0 0
11%
524 Ivor Pandur GK 3 0 0
11%
337 Jacopo Sala DF, MF, FW 18 1 0
11%
434 Jean-Daniel Akpa-Akpro MF, FW 10 0 0
11%
585 Kacper Urbanski MF, FW 1 0 0
11%
362 Karol Linetty MF 16 0 0
11%
227 Keita Baldé MF, FW 26 3 1
11%
116 Kelvin Amian DF 32 1 1
11%
458 Kévin Malcuit DF, MF 8 0 1
11%
435 Kevin Strootman MF 10 0 0
11%
322 Kristoffer Askildsen MF 19 0 0
11%
268 Leo Štulac MF 23 2 2
11%
252 Luca Ceppitelli DF 24 1 1
11%
487 Luca Lezzerini GK 6 0 0
11%
588 Luca Stanga DF 1 0 0
11%
340 Manolo Gabbiadini MF, FW 18 6 2
11%
253 Manolo Portanova MF, FW 24 1 0
11%
341 Marco Benassi MF, FW 18 0 0
11%
490 Marco Modolo DF 6 0 0
11%
515 Marley Aké MF, FW 4 0 0
11%
391 Marvin Zeegelaar DF, FW 14 0 0
11%
496 Matija Nastasić DF 5 0 0
11%
414 Matteo Cancellieri DF, MF, FW 12 1 0
11%
284 Matteo Lovato DF 22 0 0
11%
145 Mattia Caldara DF 31 1 0
11%
591 Mattia Zanotti DF 1 0 0
11%
175 Mërgim Vojvoda DF, FW 29 0 3
11%
285 Miguel Veloso MF 22 0 3
11%
437 Morten Frendrup DF, MF 10 0 0
11%
286 Nicola Murru DF 22 1 0
11%
214 Nicola Sansone MF, FW 27 2 3
11%
356 Petko Hristov DF 17 1 1
11%
312 Radu Drăgușin DF 20 0 0
11%
426 Raúl Moro FW 11 0 1
11%
357 Riccardo Gagliolo DF 17 0 1
11%
59 Roberto Soriano MF 35 0 4
11%
395 Ronaldo Vieira MF 14 0 0
11%
441 Ruan DF 10 0 0
11%
500 Samu Castillejo MF, FW 5 0 0
11%
61 Saša Lukić MF 35 5 4
11%
546 Sebastian Giovinco MF, FW 2 0 0
11%
547 Sebastien De Maio DF 2 0 0
11%
442 Simone Zaza MF, FW 10 0 0
11%
548 Stefano Okaka FW 2 0 1
11%
475 Stefano Sabelli DF 7 0 0
11%
242 Stefano Sturaro MF 25 0 0
11%
517 Sydney van Hooijdonk FW 4 0 0
11%
429 Vedat Muriqi FW 11 0 0
11%
274 Vid Belec GK 23 0 0
11%
606 Vincenzo Fiorillo GK 1 0 0
11%
445 Wladimiro Falcone GK 10 0 0
11%
276 Abdou Harroui MF, FW 22 0 0
0%
476 Adam Obert DF, MF 6 0 0
0%
550 Adrian Šemper GK 1 0 0
0%
551 Aimar Sher MF 1 0 0
0%
552 Alassane Sidibe MF 1 0 0
0%
477 Aleksandr Kokorin MF, FW 6 0 0
0%
446 Aleš Matějů DF 9 0 1
0%
554 Alessandro Russo MF 1 0 0
0%
506 Anderson Lima DF, MF 4 0 0
0%
555 Andrea Favilli DF, FW 1 0 0
0%
330 Andrea La Mantia MF, FW 18 2 0
0%
465 Andrea Masiello DF 7 0 0
0%
381 Andrea Schiavone MF 14 1 0
0%
556 Andrei Motoc DF 1 0 0
0%
557 Antonio Raimondo FW 1 0 0
0%
416 Armando Izzo DF 11 0 0
0%
447 Arnór Sigurðsson MF, FW 9 0 0
0%
520 Aurélien Nguiamba MF 3 0 0
0%
560 Bjarki Bjarkason MF 1 0 0
0%
246 Bosko Sutalo DF 24 0 0
0%
188 Brandon Soppy DF, MF 28 0 0
0%
528 Brian Oddei MF, FW 2 0 0
0%
507 Christian Oliva MF 4 0 0
0%
529 Christos Kourfalidis MF, FW 2 0 0
0%
456 Cristian Molinaro DF, MF 8 0 1
0%
467 Daan Heymans MF, FW 7 0 1
0%
564 Damir Ceter FW 1 0 0
0%
247 Daniel Bessa MF, FW 24 1 1
0%
85 Daniele Verde MF, FW 33 8 6
0%
384 Davide Biraschi DF 14 0 0
0%
565 Davide Marfella GK 1 0 0
0%
508 David Schnegg DF 4 0 0
0%
430 Dávid Strelec MF, FW 10 1 0
0%
302 David Zima DF 20 0 0
0%
480 Demba Seck MF, FW 6 0 0
0%
566 Denis Vavro DF 1 0 0
0%
481 Diego Falcinelli MF, FW 6 0 0
0%
510 Diego Farias MF, FW 4 0 0
0%
567 Dimitrije Kamenović DF 1 0 0
0%
568 Dimitrios Keramitsis MF 1 0 0
0%
332 Dor Peretz MF 18 0 1
0%
569 Ebenezer Annan DF 1 0 0
0%
408 Edoardo Goldaniga DF 12 0 0
0%
482 Edoardo Vergani MF, FW 6 0 0
0%
249 Emanuel Vignato DF, MF, FW 24 0 1
0%
483 Emil Ceide MF, FW 6 0 0
0%
431 Ernesto Torregrossa FW 10 0 0
0%
223 Federico Di Francesco DF, MF, FW 26 5 0
0%
530 Federico Peluso DF 2 0 0
0%
469 Federico Santander DF, FW 7 1 0
0%
511 Fernando Forestieri MF, FW 4 2 1
0%
531 Filip Benković DF, FW 2 0 0
0%
571 Filippo Distefano FW 1 0 0
0%
236 Filippo Melegoni DF, MF, FW 25 1 0
0%
573 Francesco Cassata DF, MF, FW 1 0 0
0%
574 Francesco Di Mariano FW 1 0 0
0%
449 Freddie Veseli DF 9 0 0
0%
512 Gerard Yepes DF, MF 4 0 0
0%
576 Giacomo Satalino GK 1 0 0
0%
534 Gianluca Gaetano MF, FW 2 0 0
0%
578 Giovanni Crociata DF, MF, FW 1 0 0
0%
579 Gonzalo Escalante MF 1 0 0
0%
580 Hilmir Mikaelsson FW 1 0 0
0%
193 Ignacio Pussetto MF, FW 28 4 4
0%
471 Ilija Nestorovski MF, FW 7 1 0
0%
279 Isaac Success MF, FW 22 2 6
0%
582 Issa Bah FW 1 0 0
0%
583 Jacopo Dezi MF, FW 1 0 0
0%
422 Jean-Pierre Nsame FW 11 0 1
0%
93 Jean-Victor Makengo MF 33 1 3
0%
472 Jeroen Zoet GK 7 0 0
0%
424 Julian Chabot DF 11 0 0
0%
584 Julian Kristoffersen FW 1 0 0
0%
450 Kaio Jorge MF, FW 9 0 0
0%
281 Kevin Bonifazi DF 22 0 0
0%
536 Kingsley Michael MF 2 0 0
0%
586 Laurens Serpe DF 1 0 0
0%
494 Leonardo Capezzi MF 5 0 0
0%
436 Liberato Cacace DF 10 0 0
0%
389 Lorenzo Tonelli DF 14 0 0
0%
373 Luca Fiordilino MF 15 0 0
0%
537 Luca Gagliano DF, FW 2 0 0
0%
587 Luca Gemello GK 1 0 0
0%
538 Luca Vignali DF 2 0 0
0%
539 Luigi Samele FW 2 0 1
0%
374 Luis Binks DF 15 0 0
0%
488 Luka Bogdan DF 6 0 0
0%
489 Lys Mousset MF, FW 6 0 1
0%
514 Magnus Warming MF, FW 4 0 0
0%
589 Mario Perrone DF 1 0 0
0%
254 Marko Pjaca MF, FW 24 3 0
0%
590 Martin Palumbo MF, FW 1 0 0
0%
540 Mateusz Praszelik MF 2 0 0
0%
283 Mato Jajalo MF 22 0 1
0%
498 Maximilian Ullmann DF 5 0 0
0%
463 Mehdi Bourabia MF 8 1 0
0%
399 Mickaël Cuisance MF, FW 13 0 0
0%
473 Mikael MF, FW 7 0 0
0%
425 Mikkel Damsgaard MF, FW 11 0 0
0%
364 Mitchell Dijks DF 16 0 2
0%
451 Mohamed Fares DF, MF, FW 9 2 1
0%
527 Moustapha Cissé FW 3 1 0
0%
400 Nadiem Amiri MF, FW 13 0 1
0%
438 Nani MF, FW 10 0 1
0%
592 Nicola Bagnolini GK 1 0 0
0%
594 Nicolas Galazzi MF 1 0 0
0%
542 Nicolò Bertola DF, MF 2 0 0
0%
354 Niki Mäenpää GK 17 0 1
0%
595 Niklas Pyyhtiä MF 1 0 0
0%
394 Nikola Maksimović DF 14 0 0
0%
323 Pablo Galdames Millán MF 19 0 0
0%
499 Panagiotis Retsos DF, FW 5 0 0
0%
596 Paolo Faragò DF, MF 1 0 0
0%
401 Paolo Ghiglione DF, MF, FW 13 0 1
0%
598 Petar Zovko GK 1 0 0
0%
439 Riccardo Ciervo DF, MF 10 0 1
0%
440 Riccardo Fiamozzi DF, MF 10 0 1
0%
324 Riccardo Marchizza DF 19 0 1
0%
599 Riccardo Pinzi FW 1 0 0
0%
600 Riccardo Stivanello DF 1 0 0
0%
215 Salvador Ferrer DF, MF 27 0 3
0%
359 Samir Santos DF 17 0 0
0%
544 Sam Lammers MF, FW 2 0 0
0%
601 Samuel Di Carmine MF, FW 1 0 0
0%
545 Samuel Mráz FW 2 0 0
0%
368 Silvan Hefti DF, MF 16 0 0
0%
501 Simone Trimboli MF 5 0 0
0%
230 Sofian Kiyine DF, MF, FW 26 1 0
0%
428 Stefan Strandberg DF 11 0 0
0%
502 Suf Podgoreanu FW 5 0 1
0%
605 Tommaso De Nipoti MF, FW 1 0 0
0%
503 Valentin Mihaila MF, FW 5 0 0
0%
444 Valon Behrami DF, MF 10 0 0
0%
607 Vladyslav Supriaha FW 1 0 0
0%
360 Wajdi Kechrida DF, MF 17 0 1
0%
608 Wisdom Amey DF 1 0 0
0%
549 Yıldırım Mert Çetin DF, MF 2 0 0
0%
398 Zinho Vanheusden DF 14 0 0
0%
No matching quizzes found
Score Distribution
Percent of People with Each Score
Percentile by Number Answered
Your Score History
You have not taken this quiz